000 00821cam a22002654a 4500
999 _c127232
_d127232
003 UPN
005 20220919063623.0
008 040302s2006 mx a r 000 1 spa d
020 _a9707707313
035 _aUPN01000155116
040 _aUPN
_bspa
_cUPN
049 _aCG
050 4 _aPQ9281 S2
_bC8.3
100 1 _aSaramago, José,
_d1922-2010
_929596
245 1 3 _aEl cuento de la isla desconocida /
_cJosé Saramago ; tr. Pilar del Río ; il. Manuel Estrada.
260 _aMéxico :
_bPunto de Lectura,
_c2006.
300 _a73 p. :
_bil.
490 0 _aPunto de lectura ;
_v3.4
534 _pTraducción de:
_tO conto da ilba desconbecida
586 _aPremio Nobel de Literatura 1998
650 0 _aCuentos portugueses
_99898
650 4 _aLITERATURA PORTUGUESA
_95579
905 _aLibro
942 _2lcc
_cLIBRO